00384nam a2200133Ia 4500008004100000100003100041245001200072260000900084300003300093440002400126650000900150999001900159952007200178180117s9999 xx 000 0 und d aby KEvin Christopher Dones aWant By c2017 a20-22 pages, 2017 January 22 aPhilippine Panorama aWANT c353637d353637 001040aCLbCLd2018-01-17l0r2018-01-17 00:00:00w2018-01-17ySE